02171nam a2200193Ia 4500001001300000003001000013008004100023040002500064041000700089100003500096245002900131250001100160260003300171300001200204500165500216650004101871700003501912700003001947b6380-45673 IT-MiCISF161014s9999||||xx |||||||||||||| ||und|| aIT-MiCISFcIT-MiCISF ait aPinnelli Antonella (a cura di) 0aGenere famiglia e salute a1a ed. a MilanobFranco Angelic2007 app. 620 aPinnelli A., Racioppi F., Terzera L., Fiori F., Giavante S., Mucitelli P., Brait F., Ungaro P., Bambini C., Digiucio P., Ricci G., Guasco E., Addis E., Faraone M., Tomassini C., Birindelli A.M., Farina P., Zanatta A.L., Di Cesare M.... / famiglia, lavoro, formazione, differenza-sessuale, famiglia-migranti, ruoli-familiari, uscita-dalla-famiglia, convivenza, divorzio, periodo-perinatale, periodo-neonatale, alimentazione, parto, giovani, mortalità, salute / Quanto è cambiato il sistema di genere in Italia negli ultimi trent'anni? A che punto siamo rispetto agli altri Paesi sviluppati? E che ripercussioni ci sono state sulla famiglia e sulla salute? Partendo da queste domande gli AA. tracciano un quadro di largo respiro sulle differenze fra uomini e donne nella formazione di capitale umano, nel mercato del lavoro e nella partecipazione ai processi decisionali e di potere. La prospettiva si sposta poi sulla sfera privata, nell'analisi delle differenze di ruoli e di valori. Vengono quindi considerati gli eventi principali del ciclo di vita della famiglia: il passaggio alla vita adulta legato all'uscita dalla casa dei genitori, la formazione e lo scioglimento delle unioni, la fecondità, e l'influenza che ha su di essi da un lato il cambiamento di condizione della donna, dall'altro la maggiore partecipazione dell'uomo ai ruoli di cura. L'ultimo tema, quello della salute, considera l'eccessiva medicalizzazione della nascita e la capacità delle donne e dei loro partner di limitarla, la supermortalità maschile fra i giovani, e le differenze di genere nelle condizioni di salute oggettive e soggettive di adulti e anziani.  a Dinamiche familiari / famigliae001 aRaccioppi Filomena (a cura di) aTerzera Laura (a cura di)